00000000nam##2200000za#4500
0019.568541
003CaOODSP
00520210624181324
007cr |||||||||||
008150406|1997||||xxc|||||o    f|0| 0 eng|d
040 |aCaOODSP|beng
043 |an-cn---
0861 |aBT31-4/1-1997E-PDF
1101 |aCanada. |bTreasury Board.
24510|aAgriculture and Agri-Food Canada, performance report for the period ending March 31, 1997 |h[electronic resource]
260 |aOttawa - Ontario : |bTreasury Board of Canada Secretariat |cc1997.
300 |a73p.|bfig., graphs, organization chart, references, tables
4901 |aPerformance report for the period ending March 31, 1997 |vFor the period ending March 31, 1997
500 |aThe catalogue number (BT31-4/1-1997) and ISBN (0-660-60287-3) for the bilingual print edition have been incorrectly copied in this electronic publication.
590 |a11-01-Supp|b2011-01-11
77508|tAgriculture et Agroalimentaire Canada, rapport sur le rendement pour la période se terminant le 31 mars 1997 |w(CaOODSP)9.599817
7760#|tAgriculture et Agroalimentaire Canada|w(CaOODSP)9.529471
7760#|tAgriculture and Agri-Food Canada|w(CaOODSP)9.529470
830#0|aPerformance report for the period ending March 31, 1997 ;|vFor the period ending March 31, 1997|w(CaOODSP)9.506249
85640|ahttp://publications.gc.ca|qPDF|s686 KB|uhttps://publications.gc.ca/collections/Collection/BT31-4-1-1997E.pdf|yFor the period ending March 31, 1997